Quiz sul Mali - Statistics

Statistiche generali
  • Questo quiz è stato fatto 414 volte
  • Il punteggio medio è 13 su 20
Statistiche sulle risposte
Hint Risposta % Corretto
Religione più praticata Islam
97%
Grande deserto che copre il nord del Mali Sahara
94%
Paesi confinanti Algeria
93%
Mauritania
93%
Niger
93%
Burkina Faso
90%
Lingua ufficiale Francese
90%
Senegal
89%
Guinea
84%
Capitale Bamako
79%
Costa d'Avorio
78%
Principale linea di longitudine che attraversa il Mali orientale Meridiano di Greenwich
67%
Antica città nel Mali centrale, un tempo importante centro commerciale Timbuctù
65%
Rispetto agli altri paesi del mondo, il Mali l'ha mediamente più alta durante l'anno Temperatura
60%
Zona semiarida situata a sud di questo deserto Sahel
52%
Materiale con il quale è costruita la Grande Moschea di Djenné Adobe
34%
Il sovrano dell'Impero del Mali considerato da molti la persona più ricca della storia Mansa {Musa}
32%
Nomina uno dei due gruppi etnici più comuni del Mali Mande | Fula
22%
Un altro importante centro commerciale di quell'epoca, capitale dell'Impero Songhai dal 1464 al 1591 Gao
21%
Termine che si riferisce a un bardo o narratore dell'Africa occidentale G{riot}
16%
Nessun quiz corrispondente trovato
Distribuzione punteggi
Percentuale di utenti per punteggio
Percentile per numero di risposta
I tuoi punteggi nel tempo
Non hai fatto questo quiz